[Event "Titled Tuesday intern op 30th June"]
[Site "Chess.com INT"]
[Date "2020.06.30"]
[Round "6"]
[White "Salik, Serkan"]
[Black "Grischuk, Alexander"]
[Result "0-1"]
[WhiteElo "1986"]
[BlackElo "2777"]
[PlyCount "78"]
[EventDate "2020.06.30"]
[EventType "swiss (blitz)"]
[EventRounds "10"]
[EventCountry "USA"]
[SourceTitle "CBM 197 Extra"]
[Source "ChessBase"]
[SourceDate "2020.09.30"]
[SourceVersion "1"]
[SourceVersionDate "2020.09.30"]
[SourceQuality "1"]

1. d4 Nf6 2. c4 e6 3. Nc3 Bb4 4. f3 c5 5. d5 O-O 6. e4 d6 7. Nge2 b5 8. Ng3 Ba5
9. Bg5 h6 10. Bd2 Re8 11. Be2 b4 12. Nb1 exd5 13. cxd5 Bb6 14. Bc4 Nbd7 15. O-O
Ne5 16. Be2 c4+ 17. Kh1 a5 18. a3 b3 19. a4 Nfd7 20. f4 Nd3 21. Bxd3 cxd3 22.
Bc3 Nc5 23. Nd2 Qh4 24. Nc4 Bc7 25. Qf3 Bg4 26. Qe3 Rad8 27. Qd4 f6 28. Bxa5
Bxa5 29. Nxa5 Be2 30. Rg1 Qxf4 31. Nc6 Ra8 32. a5 Nxe4 33. Nxe4 Rxe4 34. Qc3 d2
35. Qxb3 Re3 36. Qb7 Rf8 37. a6 d1=Q 38. Raxd1 Bxd1 39. Rxd1 Re2 0-1

[Event "Titled Tuesday intern op 30th June"]
[Site "Chess.com INT"]
[Date "2020.06.30"]
[Round "7"]
[White "Grischuk, Alexander"]
[Black "Siva, Mahadevan"]
[Result "0-1"]
[WhiteElo "2777"]
[BlackElo "2349"]
[PlyCount "66"]
[EventDate "2020.06.30"]
[EventType "swiss (blitz)"]
[EventRounds "10"]
[EventCountry "USA"]
[SourceTitle "CBM 197 Extra"]
[Source "ChessBase"]
[SourceDate "2020.09.30"]
[SourceVersion "1"]
[SourceVersionDate "2020.09.30"]
[SourceQuality "1"]

1. Nf3 Nf6 2. g3 g6 3. c4 Bg7 4. Nc3 O-O 5. Bg2 d6 6. d4 Nbd7 7. O-O e5 8. e4
exd4 9. Nxd4 Re8 10. h3 a6 11. Be3 Rb8 12. Rc1 Ne5 13. b3 c5 14. Nde2 b5 15. f4
Ned7 16. Qxd6 b4 17. e5 bxc3 18. Nxc3 Rb6 19. Qd2 Rbe6 20. exf6 Rxe3 21. fxg7
Rxg3 22. Kh2 Rge3 23. Rce1 Rxe1 24. Rxe1 Rxe1 25. Qxe1 Kxg7 26. Bd5 Qc7 27. Kg3
g5 28. Ne2 Nf6 29. Qc3 Qd6 30. h4 gxh4+ 31. Kxh4 Bg4 32. Qg3 Qe7 33. Nc3 Ne4+
0-1

[Event "Titled Tuesday intern op 7th July"]
[Site "Chess.com INT"]
[Date "2020.07.07"]
[Round "3"]
[White "Grischuk, Alexander"]
[Black "Kobalia, Mihail"]
[Result "1-0"]
[WhiteElo "2777"]
[BlackElo "2614"]
[PlyCount "135"]
[EventDate "2020.07.07"]
[EventType "swiss (blitz)"]
[EventRounds "10"]
[EventCountry "USA"]
[SourceTitle "CBM 197 Extra"]
[Source "ChessBase"]
[SourceDate "2020.09.30"]
[SourceVersion "1"]
[SourceVersionDate "2020.09.30"]
[SourceQuality "1"]

1. Nf3 d5 2. d3 Nf6 3. g3 Bg4 4. Nbd2 Nbd7 5. h3 Bh5 6. g4 Bg6 7. Nh4 e5 8. e3
Bd6 9. Bg2 c6 10. Qe2 O-O 11. O-O a5 12. c4 Nc5 13. Nxg6 hxg6 14. g5 Nh5 15.
cxd5 Qxg5 16. dxc6 bxc6 17. Qg4 Qe7 18. Qc4 Rad8 19. Nb3 Nxb3 20. Qxb3 Bc7 21.
Rd1 Nf6 22. Bd2 e4 23. Be1 Qe5 24. Kf1 exd3 25. Rxd3 a4 26. Qc3 Qb5 27. Rad1
Rxd3 28. Qxd3 Qxb2 29. Qc4 Qb5 30. Qxb5 cxb5 31. Bc6 Rb8 32. Rb1 a3 33. Bb4 Rb6
34. Rc1 Be5 35. Ke2 g5 36. Rc2 Bb2 37. Rc5 g4 38. hxg4 Nxg4 39. Bxb5 g6 40. Ba5
Rb8 41. Bc4 Kg7 42. Bd5 Nf6 43. Bc4 Nd7 44. Rc7 Ne5 45. Bd2 Nxc4 46. Rxc4 Kf6
47. f4 Ke6 48. Ra4 Rb7 49. Bb4 f5 50. Bxa3 Bxa3 51. Rxa3 Rb2+ 52. Kd3 Rb1 53.
Ra6+ Kf7 54. a4 Rd1+ 55. Kc4 Re1 56. Kd3 Rd1+ 57. Kc2 Re1 58. Kd2 Ra1 59. a5
Ra3 60. Ke2 Kg7 61. Kf3 Kf7 62. Ra8 Kg7 63. a6 Kh7 64. Ke2 Kg7 65. Kd2 Kh7 66.
Kc2 Rxe3 67. Kb2 Re2+ 68. Kb3 1-0

[Event "Titled Tuesday intern op 7th July f"]
[Site "Chess.com INT"]
[Date "2020.07.07"]
[Round "1.1"]
[White "Ponkratov, Pavel"]
[Black "Grischuk, Alexander"]
[Result "1-0"]
[WhiteElo "2631"]
[BlackElo "2777"]
[PlyCount "109"]
[EventDate "2020.07.07"]
[EventType "k.o. (blitz)"]
[EventRounds "3"]
[EventCountry "USA"]
[SourceTitle "CBM 197 Extra"]
[Source "ChessBase"]
[SourceDate "2020.09.30"]
[SourceVersion "1"]
[SourceVersionDate "2020.09.30"]
[SourceQuality "1"]

1. d4 Nf6 2. c4 e6 3. Nf3 d5 4. Nc3 Bb4 5. Qa4+ Nc6 6. e3 O-O 7. Bd2 dxc4 8.
Bxc4 Bd6 9. O-O e5 10. h3 a6 11. Qc2 exd4 12. exd4 Nb4 13. Qb1 b5 14. Bb3 Bb7
15. Qd1 c5 16. dxc5 Bxc5 17. Bg5 h6 18. Qxd8 Raxd8 19. Bxf6 gxf6 20. Rad1 Rfe8
21. Nh4 Nd3 22. Nf5 Nxf2 23. Rxf2 Rxd1+ 24. Nxd1 Re1+ 25. Kh2 Bxf2 26. Nxf2 Re2
27. Kg3 Rxb2 28. Nxh6+ Kf8 29. Nxf7 a5 30. Nd6 Bc6 31. Nf5 a4 32. Be6 b4 33.
Nd3 Rxg2+ 34. Kf4 b3 35. axb3 a3 36. b4 a2 37. Bxa2 Rxa2 38. Nd4 Bd7 39. h4 Rh2
40. Nf3 Rh1 41. Nc5 Be8 42. Ne6+ Ke7 43. Ned4 Bh5 44. Nf5+ Kf7 45. N3d4 Bg6 46.
b5 Bxf5 47. Nxf5 Rb1 48. h5 Rb4+ 49. Kg3 Ke6 50. h6 Rb2 51. h7 Rb3+ 52. Kg2
Rb2+ 53. Kh3 Rb4 54. h8=Q Kxf5 55. Qc8+ 1-0

[Event "Titled Tuesday intern op 4th Aug 10am"]
[Site "Chess.com INT"]
[Date "2020.08.04"]
[Round "1"]
[White "Primbetov, Kazbek"]
[Black "Grischuk, Alexander"]
[Result "0-1"]
[WhiteElo "2207"]
[BlackElo "2777"]
[PlyCount "20"]
[EventDate "2020.08.04"]
[EventType "swiss (blitz)"]
[EventRounds "10"]
[EventCountry "USA"]
[SourceTitle "CBM 197 Extra"]
[Source "ChessBase"]
[SourceDate "2020.09.30"]
[SourceVersion "1"]
[SourceVersionDate "2020.09.30"]
[SourceQuality "1"]

1. d4 Nf6 2. c4 e6 3. Nf3 d5 4. g3 Bb4+ 5. Bd2 Bd6 6. c5 Be7 7. Nc3 O-O 8. Bg2
b6 9. b4 a5 10. a3 c6 0-1

[Event "Titled Tuesday intern op 4th Aug 10am"]
[Site "Chess.com INT"]
[Date "2020.08.04"]
[Round "2"]
[White "Grischuk, Alexander"]
[Black "Timerkhanov, Alexander"]
[Result "1-0"]
[WhiteElo "2777"]
[BlackElo "2387"]
[PlyCount "75"]
[EventDate "2020.08.04"]
[EventType "swiss (blitz)"]
[EventRounds "10"]
[EventCountry "USA"]
[SourceTitle "CBM 197 Extra"]
[Source "ChessBase"]
[SourceDate "2020.09.30"]
[SourceVersion "1"]
[SourceVersionDate "2020.09.30"]
[SourceQuality "1"]

1. Nf3 d5 2. d4 Nf6 3. c4 c6 4. Nc3 dxc4 5. a4 Bf5 6. Ne5 Nbd7 7. Nxc4 Qc7 8.
g3 e5 9. dxe5 Nxe5 10. Bf4 Nfd7 11. Bg2 Rd8 12. O-O Be6 13. Nxe5 Nxe5 14. Qc2
f6 15. a5 a6 16. Ne4 Be7 17. Qc3 O-O 18. Ng5 Qc8 19. Bxe5 fxe5 20. Qxe5 Bxg5
21. Qxg5 Rf5 22. Qe3 Rb5 23. Qc3 Bh3 24. Rfd1 Bxg2 25. Kxg2 Re8 26. Rd2 Qf5 27.
f3 h5 28. e4 Qf7 29. b4 h4 30. Rad1 hxg3 31. hxg3 Rg5 32. Rd8 Rxd8 33. Rxd8+
Kh7 34. Qd2 Rg6 35. g4 Rh6 36. e5 Qe7 37. Qd3+ Rg6 38. Rd6 1-0

[Event "Titled Tuesday intern op 4th Aug 10am"]
[Site "Chess.com INT"]
[Date "2020.08.04"]
[Round "3"]
[White "Aditya, Mittal"]
[Black "Grischuk, Alexander"]
[Result "1/2-1/2"]
[WhiteElo "2438"]
[BlackElo "2777"]
[PlyCount "65"]
[EventDate "2020.08.04"]
[EventType "swiss (blitz)"]
[EventRounds "10"]
[EventCountry "USA"]
[SourceTitle "CBM 197 Extra"]
[Source "ChessBase"]
[SourceDate "2020.09.30"]
[SourceVersion "1"]
[SourceVersionDate "2020.09.30"]
[SourceQuality "1"]

1. d4 Nf6 2. c4 e6 3. Nc3 Bb4 4. f3 c5 5. d5 O-O 6. e4 d6 7. Bd3 b5 8. Nge2
bxc4 9. Bxc4 Ba6 10. Bxa6 Nxa6 11. O-O Nc7 12. dxe6 Nxe6 13. Be3 Qb8 14. Nd5
Nxd5 15. Qxd5 Rd8 16. Rad1 Qc7 17. b3 Rac8 18. Kh1 Qc6 19. Nf4 Nxf4 20. Bxf4
Qxd5 21. Rxd5 c4 22. Rd4 h6 23. Rfd1 a5 24. Rxc4 Rxc4 25. bxc4 Rc8 26. Bxd6
Rxc4 27. Bxb4 Rxb4 28. Kg1 Rb2 29. a4 Rb4 30. Ra1 g5 31. Kf2 Kg7 32. Ke3 Kg6
33. g3 1/2-1/2

[Event "Titled Tuesday intern op 4th Aug 10am"]
[Site "Chess.com INT"]
[Date "2020.08.04"]
[Round "4"]
[White "Grischuk, Alexander"]
[Black "Diaz Camallonga, Carles"]
[Result "1-0"]
[WhiteElo "2777"]
[BlackElo "2467"]
[PlyCount "51"]
[EventDate "2020.08.04"]
[EventType "swiss (blitz)"]
[EventRounds "10"]
[EventCountry "USA"]
[SourceTitle "CBM 197 Extra"]
[Source "ChessBase"]
[SourceDate "2020.09.30"]
[SourceVersion "1"]
[SourceVersionDate "2020.09.30"]
[SourceQuality "1"]

1. Nf3 Nf6 2. d4 e6 3. c4 Bb4+ 4. Bd2 a5 5. Nc3 O-O 6. Bg5 d6 7. e3 Nbd7 8. Bd3
Bxc3+ 9. bxc3 Qe8 10. Nd2 b6 11. e4 e5 12. O-O h6 13. Bh4 g5 14. Bg3 Kg7 15.
Re1 Rh8 16. Nf1 Nf8 17. Ne3 Ng6 18. Nf5+ Kf8 19. Qf3 Nf4 20. Rad1 Be6 21. Qe3
Qa4 22. c5 Bxf5 23. exf5 N6d5 24. Qf3 Nxc3 25. Qxa8+ Kg7 26. f6+ 1-0

[Event "Titled Tuesday intern op 4th Aug 10am"]
[Site "Chess.com INT"]
[Date "2020.08.04"]
[Round "5"]
[White "Grischuk, Alexander"]
[Black "Maksimovic, Bojan"]
[Result "1-0"]
[WhiteElo "2777"]
[BlackElo "2398"]
[PlyCount "120"]
[EventDate "2020.08.04"]
[EventType "swiss (blitz)"]
[EventRounds "10"]
[EventCountry "USA"]
[SourceTitle "CBM 197 Extra"]
[Source "ChessBase"]
[SourceDate "2020.09.30"]
[SourceVersion "1"]
[SourceVersionDate "2020.09.30"]
[SourceQuality "1"]

1. Nf3 Nf6 2. d4 g6 3. g3 Bg7 4. Bg2 O-O 5. O-O d6 6. c4 Nbd7 7. Nc3 e5 8. e4
exd4 9. Nxd4 Re8 10. h3 a6 11. Be3 Rb8 12. Rc1 c5 13. Nde2 b5 14. Qxd6 b4 15.
Na4 Nxe4 16. Bxe4 Rxe4 17. Nxc5 Bf8 18. Qd5 Re5 19. Nxd7 Rxd5 20. Nxb8 Rd3 21.
Nc6 Qd6 22. Ncd4 Bxh3 23. Rfd1 Rxd1+ 24. Rxd1 Bg4 25. Rd2 h5 26. b3 Bg7 27. f3
Bc8 28. Bf4 Qc5 29. Be3 Kh7 30. Kf2 a5 31. Ne6 Qc6 32. Nxg7 Kxg7 33. Nd4 Qb7
34. c5 Bd7 35. Rc2 Bc6 36. Nxc6 Qxc6 37. Rd2 a4 38. Rd4 axb3 39. axb3 Qb5 40.
Rc4 Qc6 41. Rxb4 g5 42. Rc4 f6 43. b4 Kg6 44. Rc1 Kf5 45. b5 Qxb5 46. c6 Qb2+
47. Ke1 g4 48. c7 Qb4+ 49. Bd2 Qe7+ 50. Kd1 gxf3 51. c8=Q+ Ke4 52. Qc4+ Ke5 53.
Qf4+ Ke6 54. Qe4+ Kf7 55. Qxe7+ Kxe7 56. Ke1 Kd6 57. Kf2 Ke5 58. Kxf3 f5 59.
Bf4+ Kf6 60. Rc6+ Ke7 1-0

[Event "Titled Tuesday intern op 4th Aug 10am"]
[Site "Chess.com INT"]
[Date "2020.08.04"]
[Round "6"]
[White "Khanin, Semen"]
[Black "Grischuk, Alexander"]
[Result "0-1"]
[WhiteElo "2482"]
[BlackElo "2777"]
[PlyCount "86"]
[EventDate "2020.08.04"]
[EventType "swiss (blitz)"]
[EventRounds "10"]
[EventCountry "USA"]
[SourceTitle "CBM 197 Extra"]
[Source "ChessBase"]
[SourceDate "2020.09.30"]
[SourceVersion "1"]
[SourceVersionDate "2020.09.30"]
[SourceQuality "1"]

1. e4 e5 2. Nf3 Nc6 3. Bc4 Bc5 4. O-O Nf6 5. d3 d6 6. c3 O-O 7. Bb3 h6 8. h3
Re8 9. Re1 a5 10. Nbd2 Be6 11. Ba4 Rb8 12. Nf1 b5 13. Bc2 Ba7 14. Ng3 d5 15.
exd5 Qxd5 16. Nh4 Ne7 17. Qe2 g5 18. Nf3 Ng6 19. Bb3 Qd6 20. Bxe6 Qxe6 21. Ne4
Nd5 22. Nfxg5 hxg5 23. Nxg5 Qf6 24. Ne4 Qg7 25. g3 f5 26. Ng5 Rbd8 27. Qh5 f4
28. Qf3 fxg3 29. Qxg3 Ndf4 30. Kh1 Rxd3 31. Be3 Bxe3 32. fxe3 Nh5 33. Qg4 Nf6
34. Qf5 e4 35. Rg1 Rd5 36. Qf2 Ree5 37. h4 Rf5 38. Qh2 Qh6 39. Nh3 Kh8 40. Rg2
Nxh4 41. Rg3 Nf3 42. Qg2 Rd8 43. Rf1 Rh5 0-1

[Event "Titled Tuesday intern op 4th Aug 10am"]
[Site "Chess.com INT"]
[Date "2020.08.04"]
[Round "7"]
[White "Grischuk, Alexander"]
[Black "Sorokin, Aleksey"]
[Result "1-0"]
[WhiteElo "2777"]
[BlackElo "2521"]
[PlyCount "63"]
[EventDate "2020.08.04"]
[EventType "swiss (blitz)"]
[EventRounds "10"]
[EventCountry "USA"]
[SourceTitle "CBM 197 Extra"]
[Source "ChessBase"]
[SourceDate "2020.09.30"]
[SourceVersion "1"]
[SourceVersionDate "2020.09.30"]
[SourceQuality "1"]

1. Nf3 Nf6 2. d4 g6 3. g3 Bg7 4. c4 O-O 5. Bg2 c6 6. O-O d5 7. Qb3 Qb6 8. cxd5
cxd5 9. Nc3 Nc6 10. Qxb6 axb6 11. Bf4 Bg4 12. e3 Rfc8 13. Rfc1 Bxf3 14. Bxf3 e6
15. Be2 Bf8 16. Nb5 Ne8 17. Rc3 h6 18. g4 g5 19. Bg3 Rd8 20. a3 Nd6 21. Nxd6
Bxd6 22. Rb3 Bxg3 23. hxg3 Rdc8 24. Rxb6 Rc7 25. Rc1 Rac8 26. Kg2 Na7 27. Rc5
Kf8 28. b4 Ke7 29. a4 Nc6 30. a5 Nb8 31. Rxb7 Rxb7 32. Rxc8 1-0

[Event "Titled Tuesday intern op 4th Aug 10am"]
[Site "Chess.com INT"]
[Date "2020.08.04"]
[Round "8"]
[White "Sevian, Samuel"]
[Black "Grischuk, Alexander"]
[Result "1/2-1/2"]
[WhiteElo "2660"]
[BlackElo "2777"]
[PlyCount "215"]
[EventDate "2020.08.04"]
[EventType "swiss (blitz)"]
[EventRounds "10"]
[EventCountry "USA"]
[SourceTitle "CBM 197 Extra"]
[Source "ChessBase"]
[SourceDate "2020.09.30"]
[SourceVersion "1"]
[SourceVersionDate "2020.09.30"]
[SourceQuality "1"]

1. e4 e5 2. Nf3 Nc6 3. Bb5 Nf6 4. d3 Bc5 5. c3 O-O 6. O-O d6 7. Bg5 h6 8. Bh4
g5 9. Bg3 Nh5 10. Nbd2 f5 11. exf5 Bxf5 12. d4 exd4 13. Bxc6 bxc6 14. Nxd4 Nxg3
15. hxg3 Qf6 16. Nc4 Bd7 17. b4 Bb6 18. Qd3 Rae8 19. Rad1 c5 20. Nb3 cxb4 21.
Nxb6 axb6 22. cxb4 Re7 23. Rc1 c5 24. Rcd1 Kg7 25. Qa6 Rb8 26. Qa7 Rc8 27. Qxb6
Rc6 28. Qa5 c4 29. Nd4 Rc8 30. Nc2 c3 31. Ne3 Be6 32. Rxd6 c2 33. Qa3 Qe5 34.
Rd2 Rec7 35. Rc1 Rc3 36. Qa7+ R8c7 37. Qd4 Qxd4 38. Rxd4 Bxa2 39. b5 Rb3 40.
Rxc2 Rxc2 41. Nxc2 Rxb5 42. Rd7+ Kg6 43. Ne3 Be6 44. Rd6 Kf7 45. g4 Rb4 46. f3
Rb1+ 47. Kf2 Rb5 48. Ra6 Rc5 49. Ra7+ Kf6 50. Kg3 Rb5 51. Nf1 Rb1 52. Nd2 Rb6
53. Ne4+ Kg6 54. Nc5 Rc6 55. Nd3 Kf6 56. Rh7 Kg6 57. Rb7 Kf6 58. Nb4 Rd6 59.
Nc2 Rc6 60. Ne3 Ra6 61. Rh7 Kg6 62. Rc7 Kf6 63. Nc2 Rd6 64. Na3 Ra6 65. Nb5 Rb6
66. Na7 Ra6 67. Nc6 Rb6 68. Nd4 Rd6 69. Ne2 Rb6 70. Nc3 Ra6 71. Ne4+ Kg6 72.
Re7 Rb6 73. Nc5 Kf6 74. Rh7 Kg6 75. Re7 Bd5 76. Nd7 Rd6 77. Nf8+ Kf6 78. Rh7
Ke5 79. Re7+ Kf6 80. Rh7 Ke5 81. Nd7+ Kd4 82. Nb8 Rb6 83. Rh8 Bc4 84. Nd7 Rb2
85. Rxh6 Bf1 86. Rd6+ Ke3 87. Re6+ Kd4 88. Re4+ Kd5 89. Nf6+ Kd6 90. f4 Rxg2+
91. Kf3 gxf4 92. Rxf4 Ra2 93. Ne4+ Ke5 94. Rf5+ Kd4 95. Ng3 Bd3 96. Rf8 Ra3 97.
Kf4 Bc4 98. Rd8+ Kc5 99. Nf5 Ra1 100. Rc8+ Kb4 101. Ne3 Bb3 102. g5 Rg1 103.
Rc7 Kb5 104. Ng4 Rf1+ 105. Ke5 Rg1 106. Kf4 Rf1+ 107. Ke3 Rg1 108. Kf4 1/2-1/2

[Event "Titled Tuesday intern op 4th Aug 10am"]
[Site "Chess.com INT"]
[Date "2020.08.04"]
[Round "9"]
[White "Grischuk, Alexander"]
[Black "Savchenko, Boris"]
[Result "1-0"]
[WhiteElo "2777"]
[BlackElo "2564"]
[PlyCount "123"]
[EventDate "2020.08.04"]
[EventType "swiss (blitz)"]
[EventRounds "10"]
[EventCountry "USA"]
[SourceTitle "CBM 197 Extra"]
[Source "ChessBase"]
[SourceDate "2020.09.30"]
[SourceVersion "1"]
[SourceVersionDate "2020.09.30"]
[SourceQuality "1"]

1. Nf3 c5 2. e4 d6 3. d4 cxd4 4. Nxd4 Nf6 5. Nc3 a6 6. Be3 Ng4 7. Bg5 h6 8. Bc1
Nf6 9. Bd3 Nc6 10. Nxc6 bxc6 11. O-O e5 12. Na4 Bg4 13. Qe1 Be7 14. Be3 Nd7 15.
c4 Rb8 16. b4 O-O 17. a3 Be6 18. f3 c5 19. Rb1 Qc7 20. Qe2 Rfc8 21. Rfc1 Bg5
22. Bxg5 hxg5 23. h3 cxb4 24. axb4 a5 25. b5 Nc5 26. Nxc5 Qxc5+ 27. Qf2 Kf8 28.
Rc2 Ke7 29. Ra1 Ra8 30. Qxc5 Rxc5 31. Ra4 Rc7 32. Rca2 Rca7 33. Kf2 Kd7 34. Rb2
Rb7 35. Rba2 Rba7 36. Rb2 Kd8 37. Ke3 Rc7 38. Rba2 Rca7 39. Rb2 Kc8 40. Kd2 Kb8
41. Kc3 Kc8 42. Be2 Kd8 43. Bd3 Kd7 44. Be2 Kd8 45. c5 dxc5 46. Bc4 Bd7 47. Rd2
Kc8 48. Rd5 f6 49. Rxc5+ Rc7 50. Rd5 Be6 51. Rd6 Bxc4 52. Rxc4 Rb8 53. Rxc7+
Kxc7 54. Rc6+ Kb7 55. Kc4 Rc8 56. Rxc8 Kxc8 57. Kb3 Kc7 58. Ka4 Kb6 59. g3 g4
60. fxg4 g6 61. g5 fxg5 62. g4 1-0

[Event "Titled Tuesday intern op 4th Aug 10am f"]
[Site "Chess.com INT"]
[Date "2020.08.04"]
[Round "1.1"]
[White "Martirosyan, Haik M"]
[Black "Grischuk, Alexander"]
[Result "1-0"]
[WhiteElo "2622"]
[BlackElo "2777"]
[PlyCount "121"]
[EventDate "2020.08.04"]
[EventType "k.o. (blitz)"]
[EventRounds "3"]
[EventCountry "USA"]
[SourceTitle "CBM 197 Extra"]
[Source "ChessBase"]
[SourceDate "2020.09.30"]
[SourceVersion "1"]
[SourceVersionDate "2020.09.30"]
[SourceQuality "1"]

1. d4 Nf6 2. Nf3 d5 3. c4 e6 4. Nc3 Bb4 5. Bg5 h6 6. Bxf6 Qxf6 7. Qa4+ Nc6 8.
e3 O-O 9. Be2 dxc4 10. Qb5 Bxc3+ 11. bxc3 Qe7 12. O-O Rd8 13. Rfd1 a6 14. Qxc4
Na5 15. Qb4 Nc6 16. Qxe7 Nxe7 17. Ne5 b6 18. Bf3 Rb8 19. Rab1 Bb7 20. Bxb7 Rxb7
21. a4 Rbb8 22. Kf1 f6 23. Nd3 Nc6 24. c4 Kf7 25. Ke2 e5 26. d5 Na5 27. Nb4 Ra8
28. Rdc1 Nb7 29. Nc6 a5 30. Nxd8+ Rxd8 31. Rb5 Ke7 32. f3 Kd6 33. e4 Nc5 34.
Ra1 g5 35. h4 gxh4 36. Rbb1 Rg8 37. Rg1 Rg3 38. Ra3 Nxe4 39. Re3 Nc5 40. Kf2
Nxa4 41. Re4 Nc5 42. Rxh4 Rg6 43. Ke3 a4 44. g4 Nb3 45. Rh2 Kc5 46. Kd3 Kb4 47.
Rgh1 Nc5+ 48. Kc2 Kxc4 49. Rxh6 Rg8 50. Rxf6 e4 51. Rf4 b5 52. fxe4 Nd3 53. Rf7
Rxg4 54. Rxc7+ Kd4 55. Rd1 Rg2+ 56. Rd2 Rxd2+ 57. Kxd2 Ne5 58. d6 a3 59. d7 Nf7
60. Kc2 Kxe4 61. Rc8 1-0

[Event "Titled Tuesday intern op 11th Aug"]
[Site "Chess.com INT"]
[Date "2020.08.11"]
[Round "3"]
[White "Grischuk, Alexander"]
[Black "Tanenbaum, Zachary Chen"]
[Result "1-0"]
[WhiteElo "2777"]
[BlackElo "2137"]
[PlyCount "91"]
[EventDate "2020.08.11"]
[EventType "swiss (blitz)"]
[EventRounds "10"]
[EventCountry "USA"]
[SourceTitle "CBM 197 Extra"]
[Source "ChessBase"]
[SourceDate "2020.09.30"]
[SourceVersion "1"]
[SourceVersionDate "2020.09.30"]
[SourceQuality "1"]

1. Nf3 d5 2. d4 Nf6 3. c4 dxc4 4. e3 a6 5. Bxc4 e6 6. O-O c5 7. dxc5 Bxc5 8.
Qxd8+ Kxd8 9. Be2 Nbd7 10. Nc3 b6 11. Ng5 Ke7 12. Nge4 Bb7 13. Nxc5 Nxc5 14. b3
Rac8 15. Ba3 a5 16. Na4 Nfd7 17. Rac1 Rc6 18. Bb5 Rd6 19. Bxd7 Kxd7 20. Bxc5
bxc5 21. Nxc5+ Kc7 22. Nxe6+ Kb8 23. Nd4 Rc8 24. Rxc8+ Kxc8 25. Rc1+ Kb8 26.
Rc5 a4 27. bxa4 Rb6 28. Rb5 Rg6 29. f3 Ka7 30. Kf2 Rh6 31. h3 Rd6 32. a5 g6 33.
g4 Rd5 34. Rxd5 Bxd5 35. Nb5+ Kb7 36. a3 Kc6 37. Nc3 Be6 38. e4 Kb7 39. Nb5 Ba2
40. Nc3 Be6 41. Nd5 Kc6 42. Ke3 h6 43. Kd4 Bd7 44. a6 Kd6 45. a7 Bc6 46. Nb6
1-0

[Event "Titled Tuesday intern op 14th July f"]
[Site "Chess.com INT"]
[Date "2020.08.11"]
[Round "1.1"]
[White "Abdusattorov, Nodirbek"]
[Black "Grischuk, Alexander"]
[Result "1/2-1/2"]
[WhiteElo "2627"]
[BlackElo "2777"]
[PlyCount "113"]
[EventDate "2020.08.11"]
[EventType "k.o. (blitz)"]
[EventRounds "3"]
[EventCountry "USA"]
[SourceTitle "CBM 197 Extra"]
[Source "ChessBase"]
[SourceDate "2020.09.30"]
[SourceVersion "1"]
[SourceVersionDate "2020.09.30"]
[SourceQuality "1"]

1. e4 e5 2. Nf3 Nc6 3. Bc4 Bc5 4. O-O Nf6 5. d4 Bxd4 6. Nxd4 Nxd4 7. Bg5 d6 8.
f4 Qe7 9. Na3 Rg8 10. Kh1 Bd7 11. c3 Ne6 12. fxe5 dxe5 13. Bxf6 gxf6 14. Qf3
Rg6 15. Nc2 O-O-O 16. Rad1 Rdg8 17. Ne3 Bc6 18. Bd5 Bb5 19. Nf5 Qf8 20. c4 Ba6
21. Nh4 Rh6 22. Nf5 Rhg6 23. Rd2 Nd4 24. Nxd4 exd4 25. b4 Qxb4 26. Rxd4 Qb2 27.
Qf2 Qxf2 28. Rxf2 R8g7 29. c5 Bb5 30. g3 h5 31. Rf4 Bc6 32. Kg2 Rh6 33. Kf3
Rhg6 34. a3 Be8 35. Rd2 Rh6 36. Ke3 Rg5 37. Rdf2 c6 38. Bc4 Rxc5 39. Kd4 Ra5
40. Rxf6 Rxf6 41. Rxf6 Rxa3 42. Bxf7 Bxf7 43. Rxf7 Ra4+ 44. Ke5 b5 45. Kd6 Rxe4
46. Kxc6 Re6+ 47. Kxb5 a6+ 48. Kc5 Re2 49. h4 Re3 50. Rg7 Re5+ 51. Kd4 Rb5 52.
Kc4 Kd8 53. Rg6 Ra5 54. Kb4 Rb5+ 55. Kc4 Ra5 56. Kb4 Rb5+ 57. Kc4 1/2-1/2

[Event "Titled Tuesday intern op 14th July f"]
[Site "Chess.com INT"]
[Date "2020.08.11"]
[Round "1.2"]
[White "Abdusattorov, Nodirbek"]
[Black "Grischuk, Alexander"]
[Result "1-0"]
[WhiteElo "2627"]
[BlackElo "2777"]
[PlyCount "111"]
[EventDate "2020.08.11"]
[EventType "k.o. (blitz)"]
[EventRounds "3"]
[EventCountry "USA"]
[SourceTitle "CBM 197 Extra"]
[Source "ChessBase"]
[SourceDate "2020.09.30"]
[SourceVersion "1"]
[SourceVersionDate "2020.09.30"]
[SourceQuality "1"]

1. e4 e5 2. Nf3 Nc6 3. Bc4 Bc5 4. O-O Nf6 5. d4 Bxd4 6. Nxd4 Nxd4 7. Bg5 h6 8.
Bh4 d6 9. f4 Bg4 10. Bxf6 Bxd1 11. Bxd8 Rxd8 12. c3 Be2 13. cxd4 Bxc4 14. Rc1
Ba6 15. Rxc7 exd4 16. Nd2 Rd7 17. Rac1 Ke7 18. Kf2 Rhd8 19. Nf3 d3 20. Ke3 Rxc7
21. Rxc7+ Rd7 22. Rc3 g6 23. Nd4 Kf6 24. b4 b6 25. b5 Bb7 26. Kxd3 Re7 27. Nc6
Rc7 28. Kd4 a6 29. a4 axb5 30. axb5 Bc8 31. Kd5 Be6+ 32. Kd4 Bd7 33. h3 h5 34.
Nb4 Rxc3 35. Nd5+ Kg7 36. Nxc3 Kf6 37. Kd5 Ke7 38. Kc4 Be6+ 39. Nd5+ Kd7 40.
Kd4 Bxd5 41. Kxd5 Kc7 42. g4 h4 43. g5 Kd7 44. e5 dxe5 45. fxe5 Ke7 46. Kc6 Ke6
47. Kxb6 Kxe5 48. Kc5 Kf4 49. b6 Kg3 50. b7 Kxh3 51. b8=Q Kg2 52. Kd4 h3 53.
Ke3 h2 54. Qb2+ Kh3 55. Qc1 h1=Q 56. Qxh1+ 1-0

[Event "Titled Tuesday intern op 18th Aug"]
[Site "Chess.com INT"]
[Date "2020.08.18"]
[Round "1"]
[White "Grischuk, Alexander"]
[Black "Hansch, Karsten"]
[Result "1-0"]
[WhiteElo "2777"]
[BlackElo "2300"]
[PlyCount "49"]
[EventDate "2020.08.18"]
[EventType "swiss (blitz)"]
[EventRounds "10"]
[EventCountry "USA"]
[SourceTitle "CBM 197 Extra"]
[Source "ChessBase"]
[SourceDate "2020.09.30"]
[SourceVersion "1"]
[SourceVersionDate "2020.09.30"]
[SourceQuality "1"]

1. Nf3 d5 2. d4 Nf6 3. c4 e6 4. Nc3 Be7 5. Bg5 Nbd7 6. cxd5 exd5 7. e3 c6 8.
Bd3 h6 9. Bf4 Nh5 10. Be5 Nxe5 11. dxe5 g6 12. h3 Ng7 13. O-O O-O 14. Qe2 Bf5
15. Bxf5 Nxf5 16. Rad1 Qb6 17. Nd4 Ng7 18. f4 Bc5 19. Na4 Qb4 20. Nxc5 Qxc5 21.
f5 Rae8 22. Qg4 Rxe5 23. fxg6 f5 24. Qf4 Qd6 25. Qxh6 1-0